10 Million+ First-Level Subdivisions - Sudden Death - Statistics

General Stats
  • This quiz has been taken 61 times
  • The average score is 6 of 16
Answers on the Grid
Answers color-coded by a green-red scale on the quiz's grid according to % correct below.
Bavaria
British Columbia
California
Dubai
East Java
Florida
Goa
Guangdong
Hainan
Hokkaido
Hong Kong
Île-de-France
Inner Mongolia
Lombardy
Massachusetts
New South Wales
Pennsylvania
Quebec
Rio de Janeiro
Scotland
Somali
Tibet
Tokyo
Uttar Pradesh
West Bengal
Western Cape
Yunnan
 
Answer Stats
Answer % Correct
California
80%
Florida
63%
Guangdong
54%
Île-de-France
49%
Rio de Janeiro
49%
Bavaria
46%
Tokyo
46%
East Java
43%
Uttar Pradesh
43%
West Bengal
40%
Pennsylvania
37%
Yunnan
20%
Hainan
11%
Lombardy
11%
Inner Mongolia
9%
Somali
3%
No matching quizzes found
Score Distribution
Percent of People with Each Score
Percentile by Number Answered
Your Score History
You have not taken this quiz